[Event "4th GRENKE Open 2019"]
[Site "Karlsruhe"]
[Date "2019.04.20"]
[Round "4.46"]
[White "Repka, Christopher"]
[Black "Svane, Frederik"]
[Result "*"]
[WhiteElo "2482"]
[BlackElo "2309"]
[Annotator "TA"]
[PlyCount "88"]
[EventDate "2019.04.18"]
[EventType "swiss"]
[EventCountry "GER"]
[SourceTitle "playchess.com"]
[Source "ChessBase"]
[SourceQuality "1"]

1. d4 Nf6 2. c4 g6 3. Nf3 Bg7 4. g3 O-O 5. Bg2 c6 6. O-O d5 7. cxd5 cxd5 8. Nc3 Ne4 9. Ng5 Nxc3 10. bxc3 Nc6 11. e4 dxe4 12. Nxe4 b6 13. Bg5 Be6 14. Re1 Rc8 15. Qe2 h6 16. Bf4 Na5 17. h4 Qd7 18. Rac1 Bg4 19. Qa6 Nc4 20. Nd2 Nxd2 21. Bxd2 Be6 22. Bf4 Rfe8 23. Be5 Bxe5 24. Rxe5 Bc4 25. Qa3 Kg7 26. Rce1 e6 27. h5 g5 28. Qb2 Qa4 29. a3 Qb3 30. Qc1 Bd3 31. d5 Qxc3 32. Qe3 Bh7 33. dxe6 Qxe3 34. R5xe3 fxe6 35. Rxe6 Rxe6 36. Rxe6 Rc7 37. Rd6 Bc2 38. Bc6 Bf5 39. f3 Rf7 40. g4 Bc2 41. Bd5 Re7 42. Kf2 Bb1 43. Kg3 Bc2 44. Be6 Kf6 *

[Event "4th GRENKE Open 2019"]
[Site "Karlsruhe"]
[Date "2019.04.20"]
[Round "4.47"]
[White "Swayams, Mishra"]
[Black "Gegenfurtner, Juergen"]
[Result "1/2-1/2"]
[WhiteElo "2478"]
[BlackElo "2300"]
[Annotator "TA"]
[PlyCount "41"]
[EventDate "2019.04.18"]
[EventType "swiss"]
[EventCountry "GER"]
[SourceTitle "playchess.com"]
[Source "ChessBase"]
[SourceQuality "1"]

1. d4 d5 2. Nf3 Nf6 3. c4 e6 4. Nc3 Nbd7 5. Bg5 Be7 6. e3 O-O 7. Rc1 a6 8. a4 c6 9. Bd3 dxc4 10. Bxc4 b5 11. Bd3 Bb7 12. O-O b4 13. Bxf6 gxf6 14. Ne4 f5 15. Nc5 Nxc5 16. dxc5 Bf6 17. Qb3 a5 18. Rfe1 Qe7 19. e4 fxe4 20. Rxe4 Rfd8 21. Qc2 1/2-1/2

[Event "4th GRENKE Open 2019"]
[Site "Karlsruhe"]
[Date "2019.04.20"]
[Round "4.48"]
[White "Goluch, Piotr"]
[Black "Henderson de La Fuente, Lance"]
[Result "1-0"]
[WhiteElo "2337"]
[BlackElo "2471"]
[Annotator "TA"]
[PlyCount "91"]
[EventDate "2019.04.18"]
[EventType "swiss"]
[EventCountry "GER"]
[SourceTitle "playchess.com"]
[Source "ChessBase"]
[SourceQuality "1"]

1. d4 e6 2. c4 f5 3. Nf3 Nf6 4. g3 d5 5. Bg2 Bd6 6. O-O O-O 7. Qc2 Nc6 8. a3 Bd7 9. Rd1 Qe8 10. cxd5 Nxd5 11. Nbd2 a5 12. b3 a4 13. b4 Nce7 14. Nc4 Bb5 15. Nce5 Nf6 16. Bg5 Ned5 17. Bxf6 Rxf6 18. Rac1 Qh5 19. e3 g5 20. h4 h6 21. e4 fxe4 22. Qxe4 Raf8 23. hxg5 hxg5 24. Ng4 R6f7 25. Nfe5 Bxe5 26. dxe5 Nf4 27. gxf4 Rxf4 28. Rd8 Rxg4 29. Rxf8+ Kxf8 30. Qf3+ Kg8 31. Qxb7 c6 32. Rc3 Rh4 33. Qc8+ Kg7 34. Rf3 Rf4 35. Rxf4 Qd1+ 36. Kh2 Qh5+ 37. Bh3 gxf4 38. Qd7+ Kf8 39. Qd6+ Kg7 40. Qe7+ Kh8 41. Qf6+ Kh7 42. Qxe6 Qh4 43. Qf5+ Kh6 44. Kg1 Qg5+ 45. Qxg5+ Kxg5 46. Kg2 1-0

[Event "4th GRENKE Open 2019"]
[Site "Karlsruhe"]
[Date "2019.04.20"]
[Round "4.49"]
[White "Sonis, Francesco"]
[Black "Seresin, Francesco"]
[Result "1-0"]
[WhiteElo "2467"]
[BlackElo "2300"]
[Annotator "TA"]
[PlyCount "69"]
[EventDate "2019.04.18"]
[EventType "swiss"]
[EventCountry "GER"]
[SourceTitle "playchess.com"]
[Source "ChessBase"]
[SourceQuality "1"]

1. d4 Nf6 2. c4 g6 3. g3 Bg7 4. Bg2 O-O 5. Nc3 d6 6. Nf3 Nbd7 7. O-O e5 8. e4 a6 9. d5 b5 10. cxb5 axb5 11. b4 Nb6 12. Nd2 Bd7 13. Nb3 Na4 14. Nxa4 Rxa4 15. a3 c6 16. Bb2 cxd5 17. exd5 Ne8 18. Na5 f5 19. Nc6 Qb6 20. Qe2 Nf6 21. Rfd1 f4 22. gxf4 Bg4 23. Qc2 Bxd1 24. Rxd1 Raa8 25. fxe5 Ng4 26. Bd4 Qc7 27. Qb3 Qf7 28. Qg3 Nxe5 29. Bxe5 dxe5 30. d6 Kh8 31. d7 Bf6 32. Nxe5 Qg7 33. Bxa8 Bxe5 34. d8=Q Bxg3 35. hxg3 1-0

[Event "4th GRENKE Open 2019"]
[Site "Karlsruhe"]
[Date "2019.04.20"]
[Round "4.50"]
[White "Kulkarni, Rakesh"]
[Black "Dourerassou, Jonathan"]
[Result "1/2-1/2"]
[WhiteElo "2334"]
[BlackElo "2465"]
[Annotator "TA"]
[PlyCount "88"]
[EventDate "2019.04.18"]
[EventType "swiss"]
[EventCountry "GER"]
[SourceTitle "playchess.com"]
[Source "ChessBase"]
[SourceQuality "1"]

1. e4 c5 2. c3 e6 3. d4 d5 4. exd5 exd5 5. Nf3 Nc6 6. h3 Bd6 7. dxc5 Bxc5 8. Bd3 Nf6 9. O-O O-O 10. Nbd2 h6 11. Nb3 Bb6 12. Re1 Qd6 13. Be3 Bxe3 14. Rxe3 Nh5 15. Nbd4 Nf4 16. Bc2 Bd7 17. Qd2 Rae8 18. Rae1 Rxe3 19. Rxe3 Qf6 20. Nxc6 bxc6 21. Qd4 Qxd4 22. Nxd4 Rd8 23. h4 Kf8 24. b4 Ne6 25. Nb3 Be8 26. Bf5 Nc7 27. a4 g6 28. Bd3 Bd7 29. f4 Bg4 30. Nd4 Rd6 31. Kf2 Ne6 32. Nxe6+ Bxe6 33. Re1 Bg4 34. Rb1 Ke7 35. Re1+ Kd7 36. Re5 Kd8 37. g3 h5 38. Kf1 Bd1 39. a5 Bg4 40. Kf2 Bd7 41. Kf3 Bg4+ 42. Kf2 Kd7 43. Re1 Bh3 44. Re5 Kd8 1/2-1/2

[Event "4th GRENKE Open 2019"]
[Site "Karlsruhe"]
[Date "2019.04.20"]
[Round "4.51"]
[White "Manea, Alexandru"]
[Black "Perske, Thore"]
[Result "1/2-1/2"]
[WhiteElo "2326"]
[BlackElo "2450"]
[Annotator "ChessBase"]
[PlyCount "76"]
[EventDate "2019.04.18"]
[EventType "swiss"]
[EventCountry "GER"]
[SourceTitle "playchess.com"]
[Source "ChessBase"]
[SourceQuality "1"]

1. Nf3 Nf6 2. c4 g6 3. d4 Bg7 4. Nc3 O-O 5. e4 d6 6. h3 e5 7. d5 Nh5 8. g3 Na6 9. a3 f5 10. exf5 gxf5 11. Nh4 Nf4 12. Bd2 Nc5 13. Qc2 a5 14. O-O-O a4 15. Kb1 Bd7 16. gxf4 Qxh4 17. fxe5 Bxe5 18. Rg1+ Kh8 19. Bg5 Qh5 20. Be2 Qf7 21. f4 Bg7 22. Rde1 h6 23. Bh4 Bf6 24. Bxf6+ Qxf6 25. Bh5 Rg8 26. Qe2 Raf8 27. Qe3 Qh4 28. Qd4+ Kh7 29. Bd1 Rxg1 30. Rxg1 Rg8 31. Rxg8 Kxg8 32. Qe3 Kf7 33. Ka2 Qe7 34. Bh5+ Kf8 35. Qd4 Qg7 36. Qe3 Qe7 37. Qd4 Qg7 38. Qe3 Qe7 1/2-1/2

[Event "4th GRENKE Open 2019"]
[Site "Karlsruhe"]
[Date "2019.04.20"]
[Round "4.52"]
[White "Mesaros, Florian"]
[Black "Euler, Gerd"]
[Result "0-1"]
[WhiteElo "2447"]
[BlackElo "2292"]
[Annotator "NA"]
[PlyCount "88"]
[EventDate "2019.04.18"]
[EventType "swiss"]
[EventCountry "GER"]
[SourceTitle "playchess.com"]
[Source "ChessBase"]
[SourceQuality "1"]

1. Nf3 f5 2. d4 Nf6 3. c4 g6 4. Nc3 Bg7 5. Bf4 d6 6. e3 O-O 7. c5 c6 8. Bc4+ d5 9. Be2 b6 10. b4 bxc5 11. bxc5 Qa5 12. Qd2 Ba6 13. Bxa6 Qxa6 14. Ng5 Qc8 15. h4 h6 16. Nf3 Ng4 17. O-O Nd7 18. Bg3 Qe8 19. Ne1 e5 20. Nc2 g5 21. hxg5 hxg5 22. f3 Nxe3 23. Nxe3 exd4 24. Nexd5 dxc3 25. Nxc3 f4 26. Rae1 Ne5 27. Bf2 Rd8 28. Qc2 Qh5 29. Ne4 g4 30. fxg4 Qxg4 31. Qb3+ Kh8 32. Rd1 f3 33. Ng3 Rb8 34. Qe3 Nc4 35. Qe4 Rf4 36. Qxc6 Ne5 37. Qd5 Qh4 38. Ne4 Qh7 39. Ng5 Qg6 40. Qd6 Qxg5 41. g3 Rbf8 42. Rd4 Rxd4 43. Qxd4 Ng4 44. Qd6 Qh5 0-1

[Event "4th GRENKE Open 2019"]
[Site "Karlsruhe"]
[Date "2019.04.20"]
[Round "4.53"]
[White "Fedorovsky, Michael"]
[Black "Stein, Robert"]
[Result "1-0"]
[WhiteElo "2442"]
[BlackElo "2287"]
[Annotator "ChessBase"]
[PlyCount "125"]
[EventDate "2019.04.18"]
[EventType "swiss"]
[EventCountry "GER"]
[SourceTitle "playchess.com"]
[Source "ChessBase"]
[SourceQuality "1"]

1. d4 Nf6 2. Nf3 d5 3. c4 e6 4. Nc3 c6 5. e3 Nbd7 6. Qc2 Bd6 7. Be2 O-O 8. O-O Qe7 9. b3 b6 10. Bb2 Bb7 11. Rad1 Rac8 12. e4 dxe4 13. Nxe4 Nxe4 14. Qxe4 f5 15. Qd3 Rcd8 16. Rfe1 c5 17. Bf1 Nf6 18. d5 Ne4 19. Qb1 exd5 20. cxd5 Qf7 21. Bc4 Rfe8 22. Qa1 a6 23. a4 Qc7 24. Re3 Re7 25. Qb1 Rde8 26. Rde1 Kh8 27. Qd3 a5 28. Nh4 Bc8 29. Kf1 Qd8 30. Nf3 Bd7 31. Kg1 Bf4 32. R3e2 Ng5 33. Qc3 Nxf3+ 34. Qxf3 Rxe2 35. Rxe2 Rxe2 36. Qxe2 Bd6 37. Be5 Qe7 38. f4 h6 39. g3 Kh7 40. Bd3 Kg8 41. Bxd6 Qxd6 42. Qe5 Qf6 43. Kf2 Kf8 44. Ke3 Qg6 45. Kd2 h5 46. Qc7 Ke8 47. d6 Qf6 48. Qxb6 Qb2+ 49. Bc2 Qd4+ 50. Ke2 Qc3 51. Bd3 Qb2+ 52. Kf3 Qc3 53. Ke2 Qb2+ 54. Kf1 Qc1+ 55. Kf2 Qd2+ 56. Be2 Qd4+ 57. Kg2 g6 58. Qb8+ Kf7 59. Bc4+ Kg7 60. Qg8+ Kh6 61. Qf8+ Qg7 62. Qxg7+ Kxg7 63. Bb5 1-0

[Event "4th GRENKE Open 2019"]
[Site "Karlsruhe"]
[Date "2019.04.20"]
[Round "4.54"]
[White "Suvorov, Alexander"]
[Black "Korley, Kassa"]
[Result "0-1"]
[WhiteElo "2323"]
[BlackElo "2440"]
[Annotator "NA"]
[PlyCount "76"]
[EventDate "2019.04.18"]
[EventType "swiss"]
[EventCountry "GER"]
[SourceTitle "playchess.com"]
[Source "ChessBase"]
[SourceQuality "1"]

1. d4 d5 2. Bf4 Nf6 3. e3 e6 4. Nd2 Bd6 5. Bg3 O-O 6. Bd3 c5 7. c3 Qc7 8. Ngf3 Nbd7 9. O-O Bxg3 10. hxg3 e5 11. e4 exd4 12. cxd4 dxe4 13. Nxe4 cxd4 14. Nxd4 Qe5 15. Nxf6+ Qxf6 16. Qh5 g6 17. Qh4 Rd8 18. Rfd1 Qxh4 19. gxh4 Nc5 20. Bc2 Bd7 21. Rac1 Rac8 22. b3 a5 23. a3 b6 24. b4 axb4 25. axb4 Na6 26. Rb1 Be8 27. Bd3 Nc7 28. Be4 Ba4 29. Nc6 Re8 30. Re1 Ne6 31. Rbc1 Kg7 32. g3 Rc7 33. Re3 Nd4 34. Bd3 Rxc6 35. Ra1 Rxe3 36. fxe3 Nf3+ 37. Kg2 Ne5 38. Be4 Rc4 0-1

[Event "4th GRENKE Open 2019"]
[Site "Karlsruhe"]
[Date "2019.04.20"]
[Round "4.55"]
[White "Sylvan, Jacob"]
[Black "Monroy, Charles"]
[Result "0-1"]
[WhiteElo "2321"]
[BlackElo "2433"]
[Annotator "NA"]
[PlyCount "86"]
[EventDate "2019.04.18"]
[EventType "swiss"]
[EventCountry "GER"]
[SourceTitle "playchess.com"]
[Source "ChessBase"]
[SourceQuality "1"]

1. e4 e5 2. Nf3 Nc6 3. Bb5 a6 4. Ba4 Nf6 5. O-O Be7 6. Re1 b5 7. Bb3 d6 8. c3 O-O 9. h3 Nb8 10. d3 Nbd7 11. Nbd2 Bb7 12. Nf1 Nc5 13. Bc2 Re8 14. Ng3 Bf8 15. b4 Ncd7 16. d4 a5 17. Bb2 Nb6 18. Bc1 Nbd7 19. Bb2 Nb6 20. Bc1 axb4 21. cxb4 exd4 22. Qxd4 c5 23. bxc5 dxc5 24. Qb2 b4 25. Bg5 Nc4 26. Qc1 Qb6 27. e5 Nd7 28. Qf4 Bxf3 29. Qxc4 Bb7 30. e6 Rxe6 31. Qd3 Rxe1+ 32. Rxe1 Qg6 33. Qxd7 Qxc2 34. Qxb7 Qxa2 35. Ne4 c4 36. Re3 c3 37. Nxc3 Qa1+ 38. Kh2 bxc3 39. Qb3 Bd6+ 40. g3 Qb2 41. Rxc3 Qxf2+ 42. Kh1 Ra1+ 43. Bc1 Qf1+ 0-1

[Event "4th GRENKE Open 2019"]
[Site "Karlsruhe"]
[Date "2019.04.20"]
[Round "4.57"]
[White "Kilgus, Georg"]
[Black "Beeke, Bob"]
[Result "1/2-1/2"]
[WhiteElo "2429"]
[BlackElo "2279"]
[Annotator "NA"]
[PlyCount "90"]
[EventDate "2019.04.18"]
[EventType "swiss"]
[EventCountry "GER"]
[SourceTitle "playchess.com"]
[Source "ChessBase"]
[SourceQuality "1"]

1. c4 Nf6 2. Nf3 e6 3. d4 d5 4. Nc3 c6 5. e3 Nbd7 6. Qc2 b6 7. Be2 Bb7 8. O-O Be7 9. b3 O-O 10. Bb2 Rc8 11. Rfd1 Qc7 12. Rac1 Rfd8 13. Bf1 Qb8 14. Qe2 Nf8 15. Nd2 dxc4 16. Nxc4 c5 17. dxc5 Bxc5 18. Nb5 Ne8 19. Be5 Qa8 20. Ncd6 Bxd6 21. Rxc8 Qxc8 22. Nxd6 Nxd6 23. Rxd6 Rxd6 24. Bxd6 Qc6 25. Bg3 Nd7 26. f3 h6 27. Qd2 e5 28. e4 b5 29. Bf2 a6 30. Qb4 Nf8 31. a4 bxa4 32. bxa4 Bc8 33. a5 Ne6 34. Bc4 Kh7 35. Be3 Kg6 36. Kf2 f6 37. g3 Nc7 38. Qc5 Qa4 39. Be2 Qd7 40. f4 exf4 41. gxf4 Kh7 42. Bc4 Qh3 43. Qxc7 Bg4 44. Qc5 Qf3+ 45. Ke1 Qd1+ 1/2-1/2

[Event "4th GRENKE Open 2019"]
[Site "Karlsruhe"]
[Date "2019.04.20"]
[Round "4.58"]
[White "Mendonca, Leon Luke"]
[Black "Kristensen, Kaare Hove"]
[Result "1/2-1/2"]
[WhiteElo "2427"]
[BlackElo "2259"]
[Annotator "NA"]
[PlyCount "63"]
[EventDate "2019.04.18"]
[EventType "swiss"]
[EventCountry "GER"]
[SourceTitle "playchess.com"]
[Source "ChessBase"]
[SourceQuality "1"]

1. Nf3 d5 2. g3 Nf6 3. c4 e6 4. d4 dxc4 5. Bg2 Nc6 6. O-O Rb8 7. Bg5 Be7 8. e3 O-O 9. Nfd2 Na5 10. Qc2 h6 11. Bxf6 Bxf6 12. Nxc4 c5 13. Nxa5 Qxa5 14. dxc5 Bd7 15. Nd2 Ba4 16. Qc1 Rfc8 17. Ne4 Be7 18. b3 Bc6 19. Qe1 Qxe1 20. Rfxe1 Bxe4 21. Bxe4 Bxc5 22. Rac1 b5 23. Red1 Bb6 24. Rxc8+ Rxc8 25. Rd7 Kf8 26. Kg2 Rd8 27. Rxd8+ Bxd8 28. b4 a5 29. a3 axb4 30. axb4 Be7 31. Bd3 Bxb4 32. Bxb5 1/2-1/2

[Event "4th GRENKE Open 2019"]
[Site "Karlsruhe"]
[Date "2019.04.20"]
[Round "4.59"]
[White "Schitco, Ivan"]
[Black "Nebolsina, Vera"]
[Result "1-0"]
[WhiteElo "2424"]
[BlackElo "2242"]
[Annotator "NA"]
[PlyCount "81"]
[EventDate "2019.04.18"]
[EventType "swiss"]
[EventCountry "GER"]
[SourceTitle "playchess.com"]
[Source "ChessBase"]
[SourceQuality "1"]

1. d4 Nf6 2. c4 g6 3. Nf3 Bg7 4. e3 c5 5. d5 d6 6. Nc3 O-O 7. Be2 e6 8. O-O exd5 9. cxd5 a6 10. a4 Bg4 11. h3 Bxf3 12. Bxf3 Nbd7 13. Qc2 c4 14. Be2 Rc8 15. a5 Rc5 16. Qa4 Re8 17. Rd1 Ne4 18. Nxe4 Rxe4 19. Qc2 Re5 20. Bd2 Qh4 21. Bg4 f5 22. g3 Qd8 23. Be2 Re8 24. Bb4 Rb5 25. Ba3 Ne5 26. Bxc4 Nxc4 27. Qxc4 Rxa5 28. Rac1 Rb5 29. Rd2 Qa5 30. Rcc2 Be5 31. h4 Qb6 32. Kg2 Kf7 33. h5 Qd8 34. h6 g5 35. Qd3 Qf6 36. f4 gxf4 37. exf4 Bxf4 38. gxf4 Rg8+ 39. Kf1 Rg4 40. Rc7+ Kf8 41. Bxd6+ 1-0

[Event "4th GRENKE Open 2019"]
[Site "Karlsruhe"]
[Date "2019.04.20"]
[Round "4.60"]
[White "Cukrowski, Filip"]
[Black "Boev, Viktor"]
[Result "1-0"]
[WhiteElo "2421"]
[BlackElo "2182"]
[Annotator "NA"]
[PlyCount "77"]
[EventDate "2019.04.18"]
[EventType "swiss"]
[EventCountry "GER"]
[SourceTitle "playchess.com"]
[Source "ChessBase"]
[SourceQuality "1"]

1. c4 e6 2. g3 d5 3. Bg2 Nf6 4. d4 Bb4+ 5. Nd2 O-O 6. Qb3 c5 7. Ngf3 Nc6 8. dxc5 Bxc5 9. O-O Qe7 10. a3 d4 11. Ng5 a5 12. Qc2 e5 13. Nde4 Bf5 14. Nxf6+ Qxf6 15. Be4 Bxe4 16. Qxe4 Qg6 17. Kg2 Qxe4+ 18. Nxe4 Be7 19. g4 a4 20. Bd2 Na5 21. Bxa5 Rxa5 22. b4 axb3 23. Rfb1 b6 24. Rxb3 Bc5 25. Rb5 Rfa8 26. Nxc5 bxc5 27. Kf3 Rxa3+ 28. Rxa3 Rxa3+ 29. e3 f6 30. Rxc5 Rc3 31. Rc7 d3 32. e4 d2+ 33. Ke2 Rd3 34. Kd1 Rd4 35. f3 Rd3 36. c5 Rxf3 37. Kxd2 Ra3 38. c6 Ra5 39. Rd7 1-0

[Event "4th GRENKE Open 2019"]
[Site "Karlsruhe"]
[Date "2019.04.20"]
[Round "4.61"]
[White "Rosner, Jonas"]
[Black "Wedda, Dries"]
[Result "1-0"]
[WhiteElo "2416"]
[BlackElo "2170"]
[Annotator "NA"]
[PlyCount "63"]
[EventDate "2019.04.18"]
[EventType "swiss"]
[EventCountry "GER"]
[SourceTitle "playchess.com"]
[Source "ChessBase"]
[SourceQuality "1"]

1. e4 c5 2. Nf3 d6 3. d4 cxd4 4. Nxd4 Nf6 5. Nc3 a6 6. f3 e5 7. Nb3 Be6 8. Be3 h5 9. Nd5 Bxd5 10. exd5 Nbd7 11. Qd2 g6 12. Be2 Bg7 13. O-O O-O 14. Na5 Qc7 15. c4 Rfe8 16. Rac1 e4 17. f4 Ng4 18. Bxg4 hxg4 19. b4 b6 20. Nc6 Nb8 21. Nd4 Bxd4 22. Bxd4 f5 23. Qf2 e3 24. Bxe3 Nd7 25. Bd4 Re4 26. Rfd1 Qd8 27. Re1 Nf6 28. Bb2 Ra7 29. Bxf6 Rxe1+ 30. Rxe1 Qxf6 31. Qxb6 Qc3 32. Qb8+ 1-0

[Event "4th GRENKE Open 2019"]
[Site "Karlsruhe"]
[Date "2019.04.20"]
[Round "4.62"]
[White "Gokerkan, Cem Kaan"]
[Black "Schlenker, Joerg"]
[Result "1-0"]
[WhiteElo "2413"]
[BlackElo "2153"]
[Annotator "NA"]
[PlyCount "93"]
[EventDate "2019.04.18"]
[EventType "swiss"]
[EventCountry "GER"]
[SourceTitle "playchess.com"]
[Source "ChessBase"]
[SourceQuality "1"]

1. e4 d6 2. f4 Nf6 3. Nc3 c6 4. d4 Qa5 5. e5 Ne4 6. Bd2 Nxd2 7. Qxd2 d5 8. h3 e6 9. Nf3 Bd7 10. Ne2 Qxd2+ 11. Kxd2 b6 12. g4 c5 13. c3 Nc6 14. Bg2 Be7 15. Ng3 cxd4 16. cxd4 Na5 17. Bf1 Rc8 18. Ba6 Rb8 19. Bd3 Nc4+ 20. Bxc4 dxc4 21. Ke3 O-O 22. Ne4 Rfc8 23. h4 Bc6 24. h5 b5 25. h6 g6 26. Rhc1 a5 27. Nf6+ Bxf6 28. exf6 Bxf3 29. Kxf3 Kf8 30. Rc2 Rb6 31. Rac1 Rbc6 32. Re1 Rd8 33. Re5 Rd5 34. a4 b4 35. Ke4 c3 36. bxc3 b3 37. Rc1 Rxe5+ 38. fxe5 Rc4 39. Kd3 Rxa4 40. c4 Ra2 41. c5 Ke8 42. c6 Kd8 43. d5 b2 44. c7+ Kc8 45. Rb1 exd5 46. e6 Ra3+ 47. Ke2 1-0

[Event "4th GRENKE Open 2019"]
[Site "Karlsruhe"]
[Date "2019.04.20"]
[Round "4.63"]
[White "Roseneck, Jonas"]
[Black "Jacob, Volker"]
[Result "1-0"]
[WhiteElo "2407"]
[BlackElo "2162"]
[Annotator "NA"]
[PlyCount "51"]
[EventDate "2019.04.18"]
[EventType "swiss"]
[EventCountry "GER"]
[SourceTitle "playchess.com"]
[Source "ChessBase"]
[SourceQuality "1"]

1. e4 c5 2. Nf3 g6 3. d4 Bg7 4. dxc5 Qa5+ 5. c3 Qxc5 6. Be3 Qc7 7. h3 Nc6 8. Na3 d6 9. Bd3 Nf6 10. O-O O-O 11. Nb5 Qb8 12. Nbd4 e5 13. Nc2 d5 14. exd5 Nxd5 15. Bc4 Nxe3 16. Nxe3 e4 17. Nd2 Qf4 18. Re1 Bf5 19. g4 Ne5 20. gxf5 Rad8 21. Be2 Rd6 22. Qc1 gxf5 23. Ndf1 Rg6+ 24. Ng3 Bh6 25. Nexf5 Qxf5 26. Qxh6 1-0

[Event "4th GRENKE Open 2019"]
[Site "Karlsruhe"]
[Date "2019.04.20"]
[Round "4.64"]
[White "Bharath Subramaniyam H"]
[Black "Thinius, Marco"]
[Result "1/2-1/2"]
[WhiteElo "2301"]
[BlackElo "2406"]
[Annotator "ChessBase"]
[PlyCount "95"]
[EventDate "2019.04.18"]
[EventType "swiss"]
[EventCountry "GER"]
[SourceTitle "playchess.com"]
[Source "ChessBase"]
[SourceQuality "1"]

1. e4 c6 2. d4 d5 3. Nc3 dxe4 4. Nxe4 Bf5 5. Ng3 Bg6 6. h4 h6 7. N1e2 Nf6 8. Nf4 Bh7 9. Bc4 e6 10. c3 Bd6 11. Ngh5 Rg8 12. Qe2 Qe7 13. Be3 Nbd7 14. O-O-O O-O-O 15. Bd3 Bxd3 16. Nxd3 Nd5 17. Bd2 c5 18. dxc5 Nxc5 19. Nxc5 Bxc5 20. Ng3 Bd6 21. Ne4 Bc7 22. Qf3 Kb8 23. h5 f5 24. Ng3 Qc5 25. Kb1 Rd6 26. Ne2 Ra6 27. Nd4 Be5 28. Rhe1 Bxd4 29. Bf4+ Ka8 30. Rxd4 Rc8 31. Qd3 Qa5 32. a4 Rb6 33. Ka2 Qc5 34. Be5 Qe7 35. Rc4 Rxc4 36. Qxc4 Rc6 37. Qd4 Qe8 38. Bxg7 Qxh5 39. Bxh6 Qxh6 40. Qxd5 a6 41. Qd8+ Ka7 42. Qd4+ Ka8 43. Re3 Qf8 44. Rh3 Rc8 45. Qd7 Qe8 46. Qxe8 Rxe8 47. Kb3 Kb8 48. Kc4 1/2-1/2

[Event "4th GRENKE Open 2019"]
[Site "Karlsruhe"]
[Date "2019.04.20"]
[Round "4.65"]
[White "Braeuning, Rudolf Wilhelm"]
[Black "Ertan, Can"]
[Result "0-1"]
[WhiteElo "2293"]
[BlackElo "2404"]
[Annotator "NA"]
[PlyCount "63"]
[EventDate "2019.04.18"]
[EventType "swiss"]
[EventCountry "GER"]
[SourceTitle "playchess.com"]
[Source "ChessBase"]
[SourceQuality "1"]

1. c4 Nf6 2. Nc3 e6 3. e4 e5 4. Nf3 Nc6 5. a3 d6 6. h3 g6 7. d4 exd4 8. Nxd4 Bg7 9. Be3 O-O 10. g4 Nxe4 11. Nxe4 Qe7 12. Nxc6 bxc6 13. Nc3 d5 14. cxd5 cxd5 15. Bg2 Ba6 16. Nxd5 Qe5 17. Nb4 Rad8 18. Nxa6 Rxd1+ 19. Rxd1 Qb5 20. Nb4 Bxb2 21. Nd3 Bc3+ 22. Ke2 Rd8 23. Be4 Qc4 24. f3 Qa2+ 25. Bd2 c5 26. Ke3 Qxa3 27. Bxc3 Qxc3 28. Rc1 Qd4+ 29. Ke2 c4 30. Rhd1 cxd3+ 31. Rxd3 Qb2+ 32. Ke3 0-1

[Event "4th GRENKE Open 2019"]
[Site "Karlsruhe"]
[Date "2019.04.20"]
[Round "4.66"]
[White "Sawlin, Leonid"]
[Black "Tschlatscher, Thomas"]
[Result "1/2-1/2"]
[WhiteElo "2402"]
[BlackElo "2152"]
[Annotator "NA"]
[PlyCount "102"]
[EventDate "2019.04.18"]
[EventType "swiss"]
[EventCountry "GER"]
[SourceTitle "playchess.com"]
[Source "ChessBase"]
[SourceQuality "1"]

1. e4 e5 2. Nf3 Nc6 3. d4 exd4 4. Nxd4 Bb4+ 5. Nc3 Nf6 6. Nxc6 bxc6 7. Bd3 O-O 8. O-O Qe7 9. Re1 d6 10. Bd2 Ba5 11. Nd5 Qe5 12. Nxf6+ gxf6 13. Bxa5 Qxa5 14. e5 fxe5 15. Qh5 f5 16. Re3 Qd5 17. Rg3+ Kh8 18. Qh6 Qf7 19. Bc4 d5 20. Qxc6 Be6 21. Bb3 f4 22. Rc3 Rac8 23. Rd1 Rfd8 24. f3 h5 25. Rcd3 Rd6 26. Qc3 Qg7 27. Re1 c5 28. Qxe5 Qxe5 29. Rxe5 c4 30. Bxc4 Rxc4 31. Rxh5+ Kg7 32. c3 Rb6 33. Rd2 Bf7 34. Rh4 Rh6 35. Rg4+ Rg6 36. Rh4 Rh6 37. Rxh6 Kxh6 38. Kf2 Kg5 39. Re2 d4 40. cxd4 Rxd4 41. b3 Bg6 42. g3 fxg3+ 43. hxg3 Kf6 44. g4 a5 45. Rb2 Bf7 46. Rc2 a4 47. bxa4 Rxa4 48. Kg3 Bxa2 49. Rc6+ Kf7 50. f4 Be6 51. f5 Bxf5 1/2-1/2

[Event "4th GRENKE Open 2019"]
[Site "Karlsruhe"]
[Date "2019.04.20"]
[Round "4.67"]
[White "Hartmann, Jakob"]
[Black "Spyropoulos, Nikolaos"]
[Result "0-1"]
[WhiteElo "2153"]
[BlackElo "2400"]
[Annotator "NA"]
[PlyCount "74"]
[EventDate "2019.04.18"]
[EventType "swiss"]
[EventCountry "GER"]
[SourceTitle "playchess.com"]
[Source "ChessBase"]
[SourceQuality "1"]

1. e4 Nf6 2. e5 Nd5 3. d4 d6 4. c4 Nb6 5. exd6 cxd6 6. Nc3 g6 7. h4 h5 8. Be3 Bg7 9. Be2 Nc6 10. Rc1 d5 11. c5 Nc4 12. Nf3 O-O 13. O-O Nxb2 14. Qd2 Nc4 15. Bxc4 dxc4 16. d5 Nb4 17. Bh6 Nd3 18. Bxg7 Kxg7 19. Rc2 Bg4 20. Ng5 Bf5 21. Nge4 Bxe4 22. Nxe4 Qxd5 23. Qc3+ Qe5 24. Qxc4 Rad8 25. Ng5 Qf6 26. Nf3 Rd7 27. Qc3 Qxc3 28. Rxc3 Rc8 29. Rd1 Ne5 30. Rdc1 Ng4 31. g3 Rc6 32. Rc4 Rd5 33. Nd4 Ra6 34. a4 Ne5 35. Rb4 Rxd4 36. Rxb7 Nc6 37. Rc7 Rdxa4 0-1

[Event "4th GRENKE Open 2019"]
[Site "Karlsruhe"]
[Date "2019.04.20"]
[Round "4.68"]
[White "Domingo Nunez, Alejandro"]
[Black "Li, Simon"]
[Result "1-0"]
[WhiteElo "2396"]
[BlackElo "2032"]
[Annotator "NA"]
[PlyCount "91"]
[EventDate "2019.04.18"]
[EventType "swiss"]
[EventCountry "GER"]
[SourceTitle "playchess.com"]
[Source "ChessBase"]
[SourceQuality "1"]

1. e4 c5 2. b3 Nc6 3. Bb2 e5 4. Bc4 Nf6 5. d3 g6 6. Nf3 Qe7 7. Ng5 Nd8 8. f4 d6 9. O-O Bg7 10. Bb5+ Bd7 11. Bxd7+ Nxd7 12. Nc3 Nf6 13. Qd2 O-O 14. Rae1 Ne6 15. f5 Nd4 16. Nd1 Bh6 17. Bc1 Nh5 18. c3 f6 19. h4 Nc6 20. Ne3 fxg5 21. Nd5 Qd7 22. hxg5 Bg7 23. f6 Bh8 24. Qf2 Rf7 25. Qh4 Raf8 26. g4 Nf4 27. Bxf4 exf4 28. Rxf4 Qe6 29. Re3 Qe5 30. Rh3 Rd8 31. Qh6 Rdd7 32. Rf2 b5 33. Nf4 Qxc3 34. Nxg6 Ne5 35. Nxe5 Qxe5 36. g6 Rxf6 37. gxh7+ Kf7 38. Rhf3 Rd8 39. Qh4 Ke7 40. Rf5 Qd4 41. Rxf6 Bxf6 42. g5 Bh8 43. g6+ Kd7 44. Kg2 Kc7 45. Rf7+ Kc8 46. Qe7 1-0

[Event "4th GRENKE Open 2019"]
[Site "Karlsruhe"]
[Date "2019.04.20"]
[Round "4.69"]
[White "Llaneza Vega, Patricia"]
[Black "Baskin, Robert"]
[Result "0-1"]
[WhiteElo "2152"]
[BlackElo "2394"]
[Annotator "NA"]
[PlyCount "86"]
[EventDate "2019.04.18"]
[EventType "swiss"]
[EventCountry "GER"]
[SourceTitle "playchess.com"]
[Source "ChessBase"]
[SourceQuality "1"]

1. e4 c6 2. d4 d5 3. Nc3 dxe4 4. Nxe4 Nd7 5. Ng5 Ngf6 6. Bd3 e6 7. Qe2 Bd6 8. N1f3 h6 9. Ne4 Nxe4 10. Qxe4 Qc7 11. O-O b6 12. Qg4 Kf8 13. Qh4 Bb7 14. Re1 Nf6 15. Ng5 c5 16. Ne4 Be7 17. Bg5 c4 18. Nxf6 cxd3 19. Ne4 Bxg5 20. Nxg5 Qd8 21. Nf3 Bxf3 22. Qxd8+ Rxd8 23. gxf3 dxc2 24. Re4 f5 25. Re2 Rxd4 26. Rxc2 Ke7 27. Rc7+ Rd7 28. Rc6 Rhd8 29. Re1 Rd6 30. Rc7+ R8d7 31. Rc2 Rd2 32. Re2 Rxe2 33. Rxe2 Kf6 34. Rc2 g5 35. Kf1 h5 36. Ke2 g4 37. f4 Rd4 38. Rc7 a5 39. Rb7 Rxf4 40. Rxb6 Rb4 41. Rxb4 axb4 42. h4 f4 43. Kd3 e5 0-1